000 00836nam a22002057a 4500
999 _c2116
_d2116
003 AR-CdUCM
008 190304b ||||| |||| 00| 0 spa d
040 _aMUNICIPALIDAD PROVINCIAL DEL CUSCO
_cBIBLIOTECA MUNICIPAL DEL CUSCO
082 _a980.5 /
_bM26
100 _aMar de la Torre, Humberto F. del
_97639
245 _aLa historia de Aymaraes y sus Problemas /
_cMar de la Torre, Humberto F. del
260 _aApurimac :
_bs.n.,
_c1979.
300 _a267 paginas ;
_bIlustraciones, mapas,
_c22cm.
505 _aContenido: Mapa político de Aymaraes -- Pueblos primitivos de Aymaraes -- Conquista de los Aymaraes i Quechuas -- La influencia y la administración incaica -- Origen y nombres de Aymaraes ...
650 _aAymaraes
_97640
650 _aPerú
_935
650 _aHistoria
_9246
942 _2ddc
_cLIBROS
945 _apjha